Cosmapolotan Imagination (Record no. 13588)

MARC details
000 -LEADER
fixed length control field 00618nam a2200229 a 4500
020 ## - INTERNATIONAL STANDARD BOOK NUMBER
ISBN 9780521695459
082 00 - DEWEY DECIMAL CLASSIFICATION NUMBER
Classification number 341.7588
Author Cutter DEL
100 ## - MAIN ENTRY--AUTHOR NAME
Author name Delanty, Gerard
245 ## - TITLE STATEMENT
Title Cosmapolotan Imagination
Sub title The Renewal of Critical Social Theort
260 ## - PUBLICATION, DISTRIBUTION, ETC. (IMPRINT)
Place of publication Cambridge
Name of publisher Cambridge University Press
Year of publication 2009
300 ## - PHYSICAL DESCRIPTION
Number of Pages 296p
500 ## - GENERAL NOTE
General note includes index and biblioraphy
650 ## - SUBJECT ADDED ENTRY--TOPICAL TERM
Topical Term Globalization
942 ## - ADDED ENTRY ELEMENTS (KOHA)
Koha item type Books
700 1# -
-- Delanty, Gerard
Holdings
Collection code Home library Current library Date acquired Cost, normal purchase price Full call number Accession Number Koha item type
  Henry Martyn Institute Library Henry Martyn Institute Library 10/21/2011 1600.00 341.7588 DEL 023067 Books
                   Copyright © 2026 | Henry Martyn Institute | Hyderabad | TS-500052 | INDIA | Implemented by hmi.edu.in
Hit-Count:

Powered by Koha